| 000 | 00433nam a2200157 i 4500 | ||
|---|---|---|---|
| 001 | 96998 | ||
| 003 | ES-MaACL | ||
| 007 | t| | ||
| 008 | 050705s1974 sp ||||1| spa d | ||
| 100 | 1 |
_aManrique, Gervasio. _976096 |
|
| 245 | 1 | 0 |
_aHumor castellano _b: cuentos populares / _cG. Manrique de Lara. |
| 250 | _a1ยช ed. | ||
| 260 |
_aBarcelona : _bBrugera, _c1974. |
||
| 300 |
_a249 p. ; _c18 cm. |
||
| 852 |
_aES-MaACL _jE-7372 _bR.91892 |
||
| 999 |
_c96998 _d96998 |
||